Happier old age : a discussion document on elderly people in our society (Record no. 495475)

000 -LEADER
fixed length control field 00478cam a22001217a 4500
008 - FIXED-LENGTH DATA ELEMENTS--GENERAL INFORMATION
fixed length control field 180718b1978 xxu||||| |||| 00| 0 eng d
020 ## - INTERNATIONAL STANDARD BOOK NUMBER
International Standard Book Number 0 11 320250 4
082 ## - DEWEY DECIMAL CLASSIFICATION NUMBER
Classification number Q48x42 Un3
245 ## - TITLE STATEMENT
Title Happier old age : a discussion document on elderly people in our society
Statement of responsibility, etc. by Department of Health And Social Security Welsh Office, London
260 ## - PUBLICATION, DISTRIBUTION, ETC.
Place of publication, distribution, etc. London
Name of publisher, distributor, etc. Her Majesty's Sationery Office
Date of publication, distribution, etc. 1978
300 ## - PHYSICAL DESCRIPTION
Extent 44p.
700 ## - ADDED ENTRY--PERSONAL NAME
Personal name U.K. Department of Health And Social Security Welsh Office
Holdings
Withdrawn status Lost status Damaged status Not for loan Permanent Location Current Location Date acquired Full call number Barcode Date last seen Price effective from Koha item type
        Indian Institute of Public Administration Indian Institute of Public Administration 2018-08-04 Q48x42 Un3 G14693 2018-08-04 2018-08-04 G

Powered by Koha